| Tag |
First Indicator |
Second Indicator |
Subfields |
| LEADER |
00000cam a22000001a 4500 |
| 001 |
in00004104521 |
| 005 |
20200117093337.0 |
| 006 |
m d f |
| 007 |
cr bn mmmapmmp |
| 008 |
120813s2012 mdua ob f000 0 eng d |
| 035 |
|
|
|a chdc20121909
|
| 040 |
|
|
|a UMI
|c UMI
|d UtOrBLW
|
| 043 |
|
|
|a n-us---
|
| 086 |
0 |
|
|a Y 4.J 89/2:S.HRG.112-158
|
| 110 |
1 |
|
|a United States.
|b Congress.
|b Senate.
|b Committee on the Judiciary.
|0 http://id.loc.gov/authorities/names/n82209587
|
| 245 |
1 |
0 |
|a Nomination hearing on U.S. Circuit and U.S. District judges :
|b hearing before the Committee on the Judiciary, United States Senate, One Hundred Twelfth Congress, first session, March 2, 2011.
|
| 264 |
|
1 |
|a Bethesda, Md. :
|b ProQuest,
|c 2012.
|
| 300 |
|
|
|a v, 651 pages :
|b illustrations, digital, PDF file.
|
| 336 |
|
|
|a text
|b txt
|2 rdacontent
|
| 337 |
|
|
|a computer
|b c
|2 rdamedia
|
| 338 |
|
|
|a online resource
|b cr
|2 rdacarrier
|
| 490 |
1 |
|
|a S. hrg. ;
|v 112-158
|
| 500 |
|
|
|a Shipping list number: 2012-0408-P.
|
| 500 |
|
|
|a Nominees: Claire C. Cecchi, District Judge for the District of New Jersey; Roy Bale Dalton, Jr., District Judge for the Middle District of Florida; Goodwin Liu, Circuit Judge for the Ninth District; Esther Salas, District Judge for the District of New Jersey; Kevin Hunter Sharp, District Judge for the Middle District of Tennessee.
|
| 500 |
|
|
|a "Serial number J-112-8."
|
| 504 |
|
|
|a Includes bibliographical references.
|
| 500 |
|
|
|a Record is based on bibliographic data in ProQuest Congressional Hearings Digital Collection. Reuse except for individual research requires license from ProQuest, LLC.
|
| 500 |
|
|
|a Electronic resource.
|
| 533 |
|
|
|a Electronic reproduction.
|b [Bethesda, Md.] :
|c ProQuest,
|d 2012.
|e digital, PDF file.
|n ProQuest Congressional Hearings Digital Collection.
|n Mode of access: World Wide Web via ProQuest website.
|
| 538 |
|
|
|a System requirements: PDF reader software.
|
| 610 |
1 |
0 |
|a United States.
|b District Court (New Jersey)
|x Officials and employees
|x Selection and appointment.
|
| 610 |
1 |
0 |
|a United States.
|b District Court (Florida : Middle District)
|x Officials and employees
|x Selection and appointment.
|
| 610 |
1 |
0 |
|a United States.
|b Circuit Court (9th Circuit)
|x Officials and employees
|x Selection and appointment.
|
| 610 |
1 |
0 |
|a United States.
|b District Court (Tennessee : Middle District)
|x Officials and employees
|x Selection and appointment.
|
| 650 |
|
0 |
|a Judges
|x Selection and appointment
|z United States.
|0 http://id.loc.gov/authorities/subjects/sh2008106229
|
| 776 |
0 |
8 |
|i Print version:
|a United States. Congress. Senate. Committee on the Judiciary.
|t Nomination hearing on U.S. Circuit and U.S. District judges
|w (OCoLC)805937137
|
| 776 |
0 |
8 |
|i Microfiche version:
|a United States. Congress. Senate. Committee on the Judiciary.
|t Nomination hearing on U.S. Circuit and U.S. District judges
|d [Bethesda, Md.] : ProQuest,[2012]
|o CIS 2012 S521-39
|w (ProQuest)cis01204078
|
| 810 |
1 |
|
|a United States.
|b Congress.
|b Senate.
|t S. hrg. ;
|v 112-158.
|0 http://id.loc.gov/authorities/names/n83707917
|
| 856 |
4 |
0 |
|u http://proxy.library.tamu.edu/login?url=http://search.proquest.com/congcomp/getdoc?HEARING-ID=HRG-2011-SJS-0037
|y Electronic resource (PDF)
|t 0
|
| 998 |
|
|
|a cis01204078
|
| 999 |
f |
f |
|s 27829178-3a42-3f50-9677-2eddf4f8813a
|i 3672d8c0-98ec-3a69-873d-9c72d8346385
|t 0
|
| 952 |
f |
f |
|a Texas A&M University
|b College Station
|c Electronic Resources
|d Available Online
|t 0
|e Y 4.J 89/2:S.HRG.112-158
|h Superintendent of Documents classification
|
| 998 |
f |
f |
|a Y 4.J 89/2:S.HRG.112-158
|t 0
|l Available Online
|